000 00327nam a22001337a 4500
008 171101b xxu||||| |||| 00| 0 eng d
020 _a0813379959
041 _aeng
080 _a339
100 _a59
101 _aTRE
245 _aTHE EUROPEAN MONETARY SYSTEM AND EUROPEAN MONETARY UNION
_cHAGEN.J.V
942 _2udc
_cBK
999 _c37081
_d37081